书目信息 |
| 题名: |
网球·羽毛球·乒乓球技法入门
|
|
| 作者: | 郝光安 编 | |
| 分册: | ||
| 出版信息: | 北京 北京体育大学出版社 1994 |
|
| 页数: | 280页 | |
| 开本: | 19cm | |
| 丛书名: | ||
| 单 册: | ||
| 中图分类: | G84 | |
| 科图分类: | ||
| 主题词: | 网球运动--运动技术 , 羽毛球运动--运动技术 , 乒乓球运动--运动技术 | |
| 电子资源: | ||
| ISBN: | 7-81003-863-X | |
| 000 | 00675nam0 2200217 45 | |
| 001 | 0310250588 | |
| 005 | 20031219104120.6 | |
| 010 | @a7-81003-863-X@dCNY10.80 | |
| 100 | @a20031025d1994 km y0chiy0120 ea | |
| 101 | 0 | @achi |
| 105 | @aa z 000yy | |
| 200 | 1 | @a网球·羽毛球·乒乓球技法入门@AWang Qiu·Yu Mao Qiu·Ping Pang Qiu Ji Fa Ru Men@f郝光安等编@FHao Guang An Deng Bian |
| 210 | @a北京@c北京体育大学出版社@d1994 | |
| 215 | @a280页@c插图@d19cm | |
| 606 | 0 | @a网球运动@x运动技术 |
| 606 | 0 | @a羽毛球运动@x运动技术 |
| 606 | 0 | @a乒乓球运动@x运动技术 |
| 690 | @aG84@v4 | |
| 701 | 0 | @a郝光安@4编 |
| 801 | @aCN@bTSTC@c20031025 | |
| 905 | @a213230@b327048-051@dG84@e127@f4 | |
| 网球·羽毛球·乒乓球技法入门/郝光安等编.-北京:北京体育大学出版社,1994 |
| 280页:插图;19cm |
| ISBN 7-81003-863-X:CNY10.80 |
| ● |
| 相关链接 |
|
|
|
|
正题名:网球·羽毛球·乒乓球技法入门
索取号:G84/127
 
预约/预借
| 序号 | 登录号 | 条形码 | 馆藏地/架位号 | 状态 | 备注 |
| 1 | 0327048 | 203270487 | 密集书库/ [索取号:G84/127] | 在馆 | |
| 2 | 0327049 | 203270496 | 第四借阅区/ [索取号:G84/127] | 在馆 | |
| 3 | 0327050 | 203270502 | 密集书库/ [索取号:G84/127] | 在馆 | |
| 4 | 0327051 | 203270511 | 第一样本阅览室/ [索取号:G84/127] | 在馆 | |
| 5 | 0332331 | 203323313 | 密集书库/ [索取号:G84/127] | 在馆 | |
| 6 | 0332332 | 203323322 | 第四借阅区/ [索取号:G84/127] | 在馆 | |
| 7 | 0332333 | 203323331 | 密集书库/ [索取号:G84/127] | 在馆 | |
| 8 | 0332334 | 203323340 | 第四借阅区/ [索取号:G84/127] | 在馆 | |
| 9 | 0332335 | 203323359 | 密集书库/ [索取号:G84/127] | 在馆 |